TV Match Game Quiz Stats

 Plays Quiz not verified by Sporcle

Challenge
Share
Tweet
Score 0/20 Timer 02:00
0 Plays Today
% Correct
Alex Trebek
90.2%
Who Wants to be a Millionaire?
89.1%
Wheel of Fortune
88%
Price is Right
87%
Deal or No Deal
87%
Win Ben Stein's Money
83.7%
Are You Smarter Than a 5th Grader?
82.6%
Family Feud
81.5%
The Gong Show
68.5%
Let's Make A Deal
67.4%
% Correct
Match Game
66.3%
Hollywood Game Night
65.2%
1 vs. 100
64.1%
Cash Cab
60.9%
Minute to Win It
58.7%
$100,000 Pyramid
54.3%
The Newlywed Game
48.9%
Hollywood Squares
48.9%
Celebrity Name Game
43.5%
Catch 21
39.1%

You're not logged in!

Compare scores with friends on all Sporcle quizzes.
Join for Free
OR
Log In

You Might Also Like...

Show Comments

Extras

Created Sep 3, 2016ReportNominate
Tags:Clickable Quiz, Show Quiz, host

Top Quizzes Today


Score Distribution

Your Account Isn't Verified!

In order to create a playlist on Sporcle, you need to verify the email address you used during registration. Go to your Sporcle Settings to finish the process.

Report this User

Report this user for behavior that violates our Community Guidelines.

Details: